Daňové odpisy podľa novelizácie zákona o dani z príjmov s účinnosťou od 1. januára 2015 - v kontexte verného a pravdivého obrazu skutočnosti

Novelizácia zákona o dani z príjmov a úprava daňových odpisov hmotného majetku. Zmeny v počte odpisových skupín, doby odpisovania majetku a obmedzenie používania zrýchlenej metódy odpisovania majetku. Vplyv na zdaňovacie obdobie.

Gespeichert in:
Bibliographische Detailangaben
1. Verfasser: Stanková, Adriana, 1990-
Weitere Verfasser: Domaracká, Denisa
Format: Buchkapitel
Sprache:Slowakisch
Schlagworte:
Tags: Tag hinzufügen
Keine Tags, Fügen Sie das erste Tag hinzu!

MARC

LEADER 00000naa$a2200000$$$4500
001 0208674
005 20240502073452.4
041 0 |a slo 
044 |a SK 
245 1 0 |a Daňové odpisy podľa novelizácie zákona o dani z príjmov s účinnosťou od 1. januára 2015 - v kontexte verného a pravdivého obrazu skutočnosti  |c Adriana Stanková, Denisa Domaracká 
520 |a Novelizácia zákona o dani z príjmov a úprava daňových odpisov hmotného majetku. Zmeny v počte odpisových skupín, doby odpisovania majetku a obmedzenie používania zrýchlenej metódy odpisovania majetku. Vplyv na zdaňovacie obdobie. 
610 2 0 |a účtovníctvo daňové 
610 2 0 |a odpisy daňové 
610 2 0 |a dane z príjmov 
610 2 0 |a majetok hmotný 
610 2 0 |a daňovníci 
610 2 0 |a obdobie zdaňovacie 
610 2 0 |a zákony 
610 2 0 |a novelizácia 
100 1 |a Stanková, Adriana, 1990- 
700 1 |a Domaracká, Denisa